Caricamento...

Textbook of practical geography

Dettagli Bibliografici
Autore principale: Zulfequar Ahmad Khan
Natura: Printed Book
Lingua:English
Pubblicazione: New Delhi Concept publishing comp.
LEADER 00431nam a22001217a 4500
008 140101b xxu||||| |||| 00| 0 eng d
020 |a 8170226821 
050 |a 910.285 
100 |a Zulfequar Ahmad Khan 
245 |a Textbook of practical geography 
260 |a New Delhi  |b Concept publishing comp. 
999 |c 25569  |d 25569 
952 |0 0  |1 0  |2 ddc  |4 0  |6 910_285000000000000_ZUL  |7 0  |9 28033  |a ES  |b ES  |d 2014-01-01  |l 0  |o 910.285 ZUL  |p ES541  |r 2014-01-01  |w 2014-01-01  |y BK